Odgadnij superbohatera po emoji - Statystyki

Ogólne statystyki
  • Ten quiz został rozwiązany 14 razy
  • Średni wynik to 8 z 14
Statystyki odpowiedzi
Emoji Superbohater % Poprawnych
🔴🕷️🕸️ Spiderman
100%
🦇👨 Batman
86%
⚡🔴🏃‍♀️ Flash
86%
🔨⚡🧔 Thor
86%
🟢😡💪 Hulk
79%
👨🐟🔱 Aquaman
64%
👨🔴🟡🤖 Ironman
57%
👨🤖 Cyborg
36%
🔴🔵💪👩 Supergirl
36%
🟢🏮 Zielona Latarnia
36%
🟢🏹 Green Arrow
29%
🌳🌌 Groot
29%
🌙⚪⚔️ Moon Knight
29%
⚫🐈 Czarny kot
0%
Nie znaleziono quizów pasujących do podanych kryteriów
Rozkład punktacji
Procent ludzi z każdym wynikiem
Percentyl według liczby udzielonych odpowiedzi
Twoja historia wyników
Nie rozwiązałeś tego quizu